The status of the social security program and recommendations for its improvement; (Record no. 34557)

MARC details
000 -LEADER
fixed length control field 00664cam a22002051 4500
001 - CONTROL NUMBER
control field hew65000105
003 - CONTROL NUMBER IDENTIFIER
control field DLC
005 - DATE AND TIME OF LATEST TRANSACTION
control field 20260227111514.0
008 - FIXED-LENGTH DATA ELEMENTS--GENERAL INFORMATION
fixed length control field 720310s1965 xx 000 0 eng
010 ## - LIBRARY OF CONGRESS CONTROL NUMBER
LC control number hew65000105
035 ## - SYSTEM CONTROL NUMBER
System control number (OCoLC)260893
040 ## - CATALOGING SOURCE
Original cataloging agency DLC
Transcribing agency OAkU-L
Modifying agency OCoLC
-- DLC
042 ## - AUTHENTICATION CODE
Authentication code premarc
050 00 - LIBRARY OF CONGRESS CALL NUMBER
Classification number HD7123
Item number .A43
110 1# - MAIN ENTRY--CORPORATE NAME
Corporate name or jurisdiction name as entry element United States.
Subordinate unit Advisory Council on Social Security
Date of meeting or treaty signing (1963-1964)
245 14 - TITLE STATEMENT
Title The status of the social security program and recommendations for its improvement;
Remainder of title report.
260 ## - PUBLICATION, DISTRIBUTION, ETC.
Place of publication, distribution, etc. Washington,
Name of publisher, distributor, etc. [U.S. Govt. Print. Off.]
Date of publication, distribution, etc. 1965.
300 ## - PHYSICAL DESCRIPTION
Extent ix, 115 p.
Dimensions 24 cm.
650 #0 - SUBJECT ADDED ENTRY--TOPICAL TERM
Topical term or geographic name entry element Social security
Geographic subdivision United States.

No items available.

Powered by Koha